Normal view
MARC view
- Sardar, Abubaker
Entry Personal Name
001 - CONTROL NUMBER
- control field: 51678
003 - CONTROL NUMBER IDENTIFIER
- control field: NUST
005 - DATE AND TIME OF LATEST TRANSACTION
- control field: 20210314135032.0
008 - FIXED-LENGTH DATA ELEMENTS
- fixed length control field: 210314|| aca||aabn | a|a d
040 ## - CATALOGING SOURCE
- Original cataloging agency: NUST
- Transcribing agency: NUST
100 ## - HEADING--PERSONAL NAME
- Personal name: Sardar, Abubaker
670 ## - SOURCE DATA FOUND
- Source citation: Work cat.: (NUST): Ali, Ahsan 16870, Improved confinement of concrete using SBR latex, 2019.
